SAFETY AND LONGEVITY IN MALAYSIA ENERGY PRODUCTION / (Record no. 204374)

MARC details
000 -LEADER
fixed length control field 01086nam a2200289 i 4500
005 - DATE AND TIME OF LATEST TRANSACTION
control field 20260622172407.0
008 - FIXED-LENGTH DATA ELEMENTS--GENERAL INFORMATION
fixed length control field 260519t20242024my ado gr a001 0 eng d
020 ## - INTERNATIONAL STANDARD BOOK NUMBER
International Standard Book Number 9789835221026
Terms of availability RM50.00
Qualifying information paperback
040 ## - CATALOGING SOURCE
Original cataloging agency PPAK
Language of cataloging eng
Transcribing agency PPAK
Description conventions rda
082 04 - DEWEY DECIMAL CLASSIFICATION NUMBER
Edition number 23
Classification number 333.794595
090 00 - LOCALLY ASSIGNED LC-TYPE CALL NUMBER (OCLC); LOCAL CALL NUMBER (RLIN)
Classification number (OCLC) (R) ; Classification number, CALL (RLIN) (NR) 333.794595
Feature heading SAF
Feature heading G
245 00 - TITLE STATEMENT
Title SAFETY AND LONGEVITY IN MALAYSIA ENERGY PRODUCTION /
Statement of responsibility, etc. Editors Mohd Dinie Muhaimin Samsudin, Izni Mariah Ibrahim
250 ## - EDITION STATEMENT
Edition statement First Edition 2024
264 #1 - PRODUCTION, PUBLICATION, DISTRIBUTION, MANUFACTURE, AND COPYRIGHT NOTICE
Place of production, publication, distribution, manufacture Johor Bahru, Johor :
Name of producer, publisher, distributor, manufacturer PENERBIT UTM PRESS,
Date of production, publication, distribution, manufacture, or copyright notice 2024
Date of production, publication, distribution, manufacture, or copyright notice ©2024
300 ## - PHYSICAL DESCRIPTION
Extent xii, 217 pages :
Other physical details illustrations, charts, photographs ;
Dimensions 25 cm
336 ## - CONTENT TYPE
Content type term text
Source rdacontent
337 ## - MEDIA TYPE
Media type term unmediated
Source rdamedia
338 ## - CARRIER TYPE
Carrier type term volume
Source rdacarrier
500 ## - GENERAL NOTE
General note Includes bibliographical references and index.
650 10 - SUBJECT ADDED ENTRY--TOPICAL TERM
Topical term or geographic name entry element Renewable energy sources
Geographic subdivision Malaysia
Topical term or geographic name entry element Electric power production
Topical term or geographic name entry element Government publication
Geographic subdivision Malaysia
700 0# - ADDED ENTRY--PERSONAL NAME
Personal name Mohd Dinie Muhaimin Samsudin,
Relator term editor.
Personal name Izni Mariah Ibrahim,
Relator term editor.
942 ## - ADDED ENTRY ELEMENTS (KOHA)
Source of classification or shelving scheme Dewey Decimal Classification
Koha item type Book

No items available.